Представление документа в формате RUSMARC

ПолеНазваниеЗначение
  Тип записи a
  Библиографический уровень c
001 Контрольный номер RU/SLIB/B/208715215
005 Дата корректировки 20201206203925.2
010 Индекс ISBN __
d Цена 0-78
101 Язык документа __
a Язык текста rus
c Язык оригинала rus
200 Заглавие и сведения об ответственности 0_
a Заглавие Сборник документов по истории СССР (Период капитализма. Вторая половина XIX века)
e Сведения, относящиеся к заглавию для семинаp. и пpакт. занятий
f Первые сведения об ответственности Вдовин В. А.
b Общее обозначение материала Текст
210 Выходные данные __
a Место издания М.
c Издательство Высш. шк.
d Дата издания 1975
215 Физическое описание __
a Объем 350 c.
600 Персоналии __
a Персоналии (Фамилия) Чернышевский, Н. Г.
606 Тематические рубрики __
a Основная рубрика История
z Хронологическая подрубрика 19 в.
606 Тематические рубрики __
a Основная рубрика История России и СССР (октябрь 1917 - 1991 г.)
y Географическая подрубрика Россия
610 Ключевые слова __
a Ключевые слова прокламации; крепостное право; рабочие; исторические факты; исторические деятели
686 Индексы других классификаций __
a Классификационный индекс 63.3(2)53я73
700 Автор _1
a Фамилия Вдовин
b Имя В. А.
4 Код отношения 070
801 Источник записи _0
a Страна RU
b Организация Муниципальное бюджетное учреждение культуры "Централизованная библиотечная система" г. Сургут (Центральная городская библиотека им. А. С. Пушкина)
g Правила каталогизации ОК/Цикалюк
801 Источник записи _1
a Страна RU
b Организация Муниципальное бюджетное учреждение культуры "Централизованная библиотечная система" г. Сургут (Центральная городская библиотека им. А. С. Пушкина)
g Правила каталогизации ОК/Цикалюк
852 Данные о местонахождении __
j Шифр хранения 63.3(2)53я73
c Каталожный индекс 63.3(2)5я73
i Авторский знак В 25
p Инвентарный номер 47363(с)
901 Тип документа __
t Тип документа x
969 Тип издания __
a Тип издания учебник, пособие; сборник
990 Данные о заказе (DOS) __
j Количество экземпляров (DOS) 1
t N записи в КСУ для И/У (DOS) 199101